[Event "Wijk aan Zee 71/202"]
[Site "?"]
[Date "1998.??.??"]
[Round "?"]
[White "Adams, Michael"]
[Black "Topalov, Veselin"]
[Result "1-0"]
[WhiteElo "2670"]
[BlackElo "2740"]
[PlyCount "77"]
[EventDate "1998.??.??"]
[Source "ChessBase"]
[SourceDate "1997.10.01"]

1. e4 c5 2. Nf3 d6 3. d4 cxd4 4. Qxd4 Bd7 5. c4 Nc6 6. Qd2 g6 7. Be2 Bg7 8. O-O Bg4 9. Nc3 Nf6 10. Rb1 O-O 11. b3 Nd7 12. Bb2 Nc5 13. Rfd1 a6 14. Qe3 Bxf3 15. Bxf3 e6 16. g3 Qc7 17. Bg2 Rfd8 18. Ne2 Bxb2 19. Rxb2 Rac8 20. Nc3 Qa5 21. Rbd2 b5 22. cxb5 axb5 23. Bf1 Na7 24. Rxd6 Rxd6 25. Rxd6 b4 26. Na4 Nb5 27. Bxb5 Qxb5 28. Nb6 Rb8 29. Nc4 Na4 30. Qd3 Nc3 31. a4 Qg5 32. Kg2 Qc1 33. a5 Qa1 34. a6 Rf8 35. Ne5 Ne2 36. Qxe2 Qxe5 37. Qd3 Qa5 38. Qc4 h5 39. h4 1-0

[Event "Playchess"]
[Site "?"]
[Date "2005.04.29"]
[Round "?"]
[White "Nakamura Hikaru"]
[Black "Karjakin Sergey"]
[Result "0-1"]
[WhiteElo "2657"]
[BlackElo "2635"]
[PlyCount "96"]
[EventDate "2005.??.??"]
[Source "www.chesslib.no"]
[SourceDate "2004.05.04"]

1. e4 c5 2. Nf3 d6 3. d4 cxd4 4. Qxd4 Nf6 5. e5 Nc6 6. Bb5 Qa5+ 7. Nc3 Qxb5 8. Nxb5 Nxd4 9. Nfxd4 dxe5 10. Nc7+ Kd7 11. Nxa8 exd4 12. Bf4 Nd5 13. O-O-O e6 14. Rxd4 Bc5 15. Rc4 b6 16. Rd1 Kc6 17. Nc7 Nxf4 18. Rxf4 Kxc7 19. Rxf7+ Kc6 20. a3 a5 21. Rd2 g5 22. Rg7 Rf8 23. Rxg5 Bxf2 24. Re5 Bc5 25. Kb1 Bd6 26. Rh5 Rf7 27. g4 a4 28. h4 Ba6 29. Rd4 b5 30. Rh6 Re7 31. g5 Kc5 32. Rd2 Bb7 33. h5 Be4 34. Rf6 Bf5 35. Rxf5+ exf5 36. g6 hxg6 37. hxg6 Rg7 38. Rg2 f4 39. Kc1 Kd4 40. Kd2 Ke4 41. Ke1 Kf5 42. b3 Rxg6 43. Rd2 Bxa3 44. Rd5+ Kg4 45. Rxb5 axb3 46. Rxb3 Bc5 47. Rb5 Be3 48. Rb8 Kf3 0-1

[Event "Tch (Men) 2005/2006 NED"]
[Site "?"]
[Date "2006.03.25"]
[Round "8"]
[White "Stellwagen Daniel"]
[Black "Lautier Joel"]
[Result "1/2-1/2"]
[WhiteElo "2573"]
[BlackElo "2682"]
[PlyCount "48"]
[EventDate "2006.??.??"]
[Source "www.chesslib.no"]
[SourceDate "2004.05.04"]

1. e4 c5 2. Nf3 Nc6 3. Bb5 d6 4. d4 cxd4 5. Qxd4 Bd7 6. Bxc6 Bxc6 7. Nc3 Nf6 8. Bg5 e6 9. O-O-O Be7 10. Rhe1 O-O 11. Kb1 h6 12. Bh4 a6 13. Bg3 e5 14. Qe3 Nd7 15. Nd2 b5 16. f4 Rc8 17. Nf3 Qc7 18. Qe2 Bf6 19. fxe5 Nxe5 20. Bxe5 Bxe5 21. Nd5 Bxd5 22. Rxd5 Rfe8 23. Qd3 Qc4 24. a3 Re6 1/2-1/2

[Event "Kusadasi TUR"]
[Site "?"]
[Date "2006.04.16"]
[Round "1.1"]
[White "Naiditsch Arkadij"]
[Black "Macieja Bartlomiej"]
[Result "1-0"]
[WhiteElo "2664"]
[BlackElo "2584"]
[PlyCount "117"]
[EventDate "2006.??.??"]
[Source "www.chesslib.no"]
[SourceDate "2004.05.04"]

1. e4 c5 2. Nf3 Nc6 3. Bb5 d6 4. d4 cxd4 5. Qxd4 Bd7 6. Bxc6 Bxc6 7. Nc3 Nf6 8. Bg5 e6 9. O-O-O Be7 10. Qd3 Qa5 11. Kb1 O-O 12. h4 h6 13. Bc1 Qa6 14. Nd4 Qxd3 15. cxd3 Rfc8 16. Nxc6 Rxc6 17. f3 Nd7 18. g4 Ne5 19. Rh3 a6 20. Be3 Rac8 21. g5 h5 22. f4 Ng4 23. Bg1 g6 24. d4 Rc4 25. Rf3 Bd8 26. f5 Ba5 27. fxg6 fxg6 28. Ne2 Rc2 29. Nf4 Bd2 30. Nd3 Ba5 31. Nc5 Rd2 32. Rxd2 Bxd2 33. Nd3 Rf8 34. Rxf8+ Kxf8 35. Kc2 Ba5 36. d5 e5 37. b4 Bd8 38. a4 Ke7 39. a5 Kd7 40. Nb2 Bc7 41. Nc4 Bd8 42. Kb3 Bc7 43. Nb2 Bd8 44. Nd3 Bc7 45. Ka4 Bd8 46. b5 axb5+ 47. Kxb5 Bc7 48. Nb2 Bd8 49. Nc4 Bc7 50. Nb6+ Kd8 51. Na8 Bb8 52. a6 bxa6+ 53. Kxa6 Bc7 54. Nxc7 Kxc7 55. Ka7 Kc8 56. Kb6 Kd7 57. Kb7 Kd8 58. Kc6 Ke7 59. Kc7 1-0

[Event "Mind Sports Games - Rapid Pair"]
[Site "Pechino CINA"]
[Date "2008.10.10"]
[Round "4"]
[White "Zhang Zhong"]
[Black "Ghaem Maghami, E."]
[Result "1/2-1/2"]
[WhiteElo "2649"]
[BlackElo "2599"]
[PlyCount "68"]
[EventDate "2008.10.09"]
[Source "www.chesslib.no"]
[SourceDate "2004.05.04"]

1. e4 c5 2. Nf3 d6 3. d4 cxd4 4. Qxd4 Nc6 5. Bb5 Bd7 6. Bxc6 Bxc6 7. c4 Nf6 8. Nc3 e6 9. O-O Be7 10. Rd1 O-O 11. b3 Qa5 12. Bb2 a6 13. Qd3 Rfd8 14. Nd4 Be8 15. a4 Rac8 16. Qg3 Qe5 17. f4 Qh5 18. Nd5 Nxd5 19. Nxe6 Qh6 20. Nxg7 Qxf4 21. Rxd5 Qxg3 22. hxg3 Bc6 23. Rh5 Bxe4 24. Re1 d5 25. Nf5 Bc5+ 26. Kh2 Bxf5 27. Rxf5 d4 28. Rg5+ Kf8 29. a5 Be7 30. Rg4 Rc6 31. Kg1 d3 32. Bg7+ Ke8 33. Bc3 Re6 34. Rg8+ Kd7 1/2-1/2

[Event "Mind Sports Games - Rapid Ind"]
[Site "Pechino CINA"]
[Date "2008.10.05"]
[Round "2"]
[White "Zhang Zhong"]
[Black "Sandipan, C."]
[Result "1-0"]
[WhiteElo "2649"]
[BlackElo "2579"]
[PlyCount "61"]
[EventDate "2008.10.05"]
[Source "www.chesslib.no"]
[SourceDate "2004.05.04"]

1. e4 c5 2. Nf3 d6 3. d4 cxd4 4. Qxd4 a6 5. c4 Nc6 6. Qe3 g6 7. h3 Bg7 8. Be2 Nf6 9. O-O O-O 10. Rd1 Bd7 11. Nc3 Qc7 12. Rb1 Rfc8 13. b3 Na7 14. Bb2 b5 15. Nd5 Nxd5 16. exd5 bxc4 17. Bxg7 Kxg7 18. Bxc4 Bb5 19. Rd4 Qd7 20. Re1 Rc7 21. Rh4 h5 22. Rxh5 gxh5 23. Qg5+ Kf8 24. Qxh5 f6 25. Qh8+ Kf7 26. Qh7+ Kf8 27. Nh4 Qd8 28. Ng6+ Ke8 29. Qg8+ Kd7 30. Qe6+ Ke8 31. Re4 1-0

[Event "4th SICC Masters"]
[Site "Singapore SIN"]
[Date "2007.12.20"]
[Round "8"]
[White "Zhang Zhong"]
[Black "Sandipan, C."]
[Result "1-0"]
[WhiteElo "2634"]
[BlackElo "2593"]
[PlyCount "113"]
[EventDate "2007.12.17"]
[Source "www.chesslib.no"]
[SourceDate "2004.05.04"]

1. e4 c5 2. Nf3 d6 3. d4 cxd4 4. Qxd4 Nc6 5. Bb5 Bd7 6. Bxc6 Bxc6 7. c4 Nf6 8. Nc3 g6 9. O-O Bg7 10. Qd3 O-O 11. Nd4 Qd7 12. f3 a6 13. Be3 Rfc8 14. Rac1 Rab8 15. Nxc6 Rxc6 16. a4 Qd8 17. b3 Nd7 18. Rfd1 Nc5 19. Qb1 Bxc3 20. Rxc3 Qc7 21. Qc2 Nd7 22. Rc1 Rc8 23. Qf2 b5 24. axb5 axb5 25. Bd4 bxc4 26. Rxc4 Qb7 27. Rxc6 Rxc6 28. Rxc6 Qxc6 29. Qd2 Nc5 30. Qc3 Qb7 31. b4 Ne6 32. Be3 Nc7 33. Bh6 e5 34. h4 Na6 35. b5 Nc7 36. Qa5 Ne6 37. b6 f6 38. Qa7 Qxa7 39. bxa7 Nc7 40. Kf2 Kf7 41. g4 Ke6 42. Bg7 Kf7 43. Bh6 Ke6 44. Bg7 Kf7 45. Bh8 h5 46. Ke2 Ke6 47. Kd3 Kf7 48. gxh5 gxh5 49. Kc4 Ke6 50. Kb4 Kd7 51. Bxf6 Kc6 52. Bd8 Na8 53. Ba5 d5 54. exd5+ Kxd5 55. Kb5 Kd6 56. Ka6 Kc6 57. Bd8 1-0

[Event "Interlink"]
[Site "Interlink"]
[Date "1991.??.??"]
[Round "?"]
[White "Polgar, Sofia"]
[Black "Kasparov, Gary"]
[Result "0-1"]
[WhiteElo "2425"]
[BlackElo "2800"]
[PlyCount "90"]
[EventDate "1991.??.??"]
[Source "www.chesslib.no"]
[SourceDate "2004.05.04"]

1. e4 c5 2. Nf3 d6 3. d4 cxd4 4. Qxd4 a6 5. c4 Nf6 6. Nc3 e6 7. b3 Be7 8. Bb2 O-O 9. Be2 b6 10. O-O Bb7 11. Rfd1 Nbd7 12. h3 Qc7 13. Rac1 Rfe8 14. Bd3 Rad8 15. Bb1 Bf8 16. Ne2 Qc5 17. Qxc5 bxc5 18. Ng3 g6 19. Re1 e5 20. a3 Rb8 21. Ba2 a5 22. Bc3 Ra8 23. Rcd1 Nb8 24. Nd2 h5 25. f4 Nc6 26. Nf3 exf4 27. Bxf6 fxg3 28. Bh4 a4 29. Rb1 axb3 30. Rxb3 Na5 31. Rbe3 Ba6 32. Rc3 Rab8 33. Rc2 Bb7 34. Rb2 Bxe4 35. Rxb8 Rxb8 36. Rxe4 Rb2 37. Bxg3 Rxa2 38. Ng5 Rxa3 39. Kh2 Ra4 40. Re8 Nxc4 41. Ne4 Kg7 42. Bh4 f6 43. Nxf6 Kf7 44. Rb8 Be7 45. Rb1 Nd2 0-1

[Event "Mind Sports Games - Blitz Ind"]
[Site "Pechino CINA"]
[Date "2008.10.04"]
[Round "2"]
[White "Zhang Zhong"]
[Black "Banikas, H."]
[Result "0-1"]
[WhiteElo "2649"]
[BlackElo "2572"]
[PlyCount "112"]
[EventDate "2008.10.04"]
[Source "www.chesslib.no"]
[SourceDate "2004.05.04"]

1. e4 c5 2. Nf3 d6 3. d4 cxd4 4. Qxd4 Nc6 5. Bb5 Bd7 6. Bxc6 Bxc6 7. Nc3 Nf6 8. Bg5 e6 9. O-O-O Be7 10. Rhe1 O-O 11. Qd2 Qa5 12. Kb1 Qa6 13. Nd4 Rfc8 14. f3 Be8 15. g4 b5 16. Nce2 b4 17. Be3 Rab8 18. Ng3 Nd7 19. f4 Nc5 20. f5 e5 21. Nb3 Nxb3 22. cxb3 Rb5 23. Qd3 h6 24. Rc1 Qb7 25. Rxc8 Qxc8 26. Rc1 Qa8 27. Qc4 Bh4 28. Nh5 Rb8 29. f6 g6 30. Ng3 Bxf6 31. Bxh6 Bh4 32. Be3 Bd7 33. Rd1 Be6 34. Qd3 Bxg4 35. Rg1 Bxg3 36. Rxg3 Be6 37. Bg5 Qc6 38. Bf6 Rc8 39. Rg1 Kf8 40. h4 Ke8 41. h5 gxh5 42. a3 bxa3 43. bxa3 Kd7 44. Kb2 a6 45. Bg5 Qb5 46. Qxb5+ axb5 47. Rh1 Bg4 48. Rh2 Rg8 49. Be3 f6 50. a4 bxa4 51. bxa4 Ra8 52. Ka3 Bd1 53. Rd2 Rxa4+ 54. Kb2 Bg4 55. Bc5 Ra6 56. Kc3 Rc6 0-1

[Event "Portoroz"]
[Site "?"]
[Date "1999.??.??"]
[Round "?"]
[White "Zvjaginsev, V."]
[Black "Stohl, I."]
[Result "1/2-1/2"]
[WhiteElo "2655"]
[BlackElo "2560"]
[PlyCount "41"]
[EventDate "1999.??.??"]
[Source "Chess Informant"]
[SourceDate "2000.02.01"]

1. e4 c5 2. Nf3 d6 3. d4 Nf6 4. Bb5+ Bd7 5. Bxd7+ Qxd7 6. dxc5 Nxe4 7. cxd6 Nxd6 8. O-O Nc6 9. Bf4 e6 10. Qe2 Be7 11. Nc3 Rd8 12. Rad1 Qc8 13. Rd2 O-O 14. Rfd1 Nf5 15. Ne4 Rxd2 16. Rxd2 Rd8 17. c3 h6 18. h3 Rxd2 19. Bxd2 Qd7 20. b4 Nd6 21. Qd3 1/2-1/2

[Event "Mind Sports Games - Rapid Ind"]
[Site "Pechino CINA"]
[Date "2008.10.06"]
[Round "7"]
[White "Balogh, C."]
[Black "Sandipan, C."]
[Result "1/2-1/2"]
[WhiteElo "2616"]
[BlackElo "2579"]
[PlyCount "69"]
[EventDate "2008.10.05"]
[Source "www.chesslib.no"]
[SourceDate "2004.05.04"]

1. e4 c5 2. Nf3 d6 3. Nc3 Nf6 4. d4 cxd4 5. Qxd4 Nc6 6. Bb5 Bd7 7. Bxc6 Bxc6 8. Bg5 e6 9. O-O-O Be7 10. Qd3 Qa5 11. h4 O-O 12. Nd4 Rfe8 13. f3 d5 14. e5 Nd7 15. Bxe7 Rxe7 16. f4 Rc8 17. Kb1 f6 18. exf6 Nxf6 19. Rhe1 Rce8 20. Re2 Qc7 21. g3 e5 22. fxe5 Rxe5 23. Rde1 Ne4 24. Nxe4 dxe4 25. Qc4+ Qf7 26. Qxf7+ Kxf7 27. Nxc6 bxc6 28. Kc1 e3 29. c4 Kg6 30. Kc2 Kh5 31. Kd3 Rd8+ 32. Kc3 Rde8 33. Kd3 Rd8+ 34. Kc3 Rde8 35. Kd3 1/2-1/2

[Event "Olimpiadi 2008 - open"]
[Site "Dresda GER"]
[Date "2008.11.14"]
[Round "2"]
[White "Rozentalis, E."]
[Black "Hracek, Z."]
[Result "1-0"]
[WhiteElo "2577"]
[BlackElo "2613"]
[PlyCount "103"]
[EventDate "2008.11.13"]
[Source "www.chesslib.no"]
[SourceDate "2004.05.04"]

1. e4 c5 2. Nf3 d6 3. d4 cxd4 4. Qxd4 Nc6 5. Bb5 Bd7 6. Bxc6 Bxc6 7. Nc3 Nf6 8. Bg5 e6 9. O-O-O Be7 10. Rhe1 O-O 11. Kb1 h6 12. Bh4 Re8 13. h3 b5 14. Bxf6 Bxf6 15. Qxd6 Qxd6 16. Rxd6 Rec8 17. Rd3 b4 18. e5 Bd8 19. Ne4 Bd5 20. Nd4 Bb6 21. Nd6 Rd8 22. f3 Rd7 23. N4f5 Bc6 24. Ne3 Bc5 25. Red1 Kf8 26. Nec4 a5 27. c3 f6 28. Ne4 Rxd3 29. Rxd3 Be7 30. Nb6 Rd8 31. Kc2 fxe5 32. Rxd8+ Bxd8 33. Nc4 bxc3 34. Nxc3 Bc7 35. a4 Ke7 36. Kd3 Kf6 37. b3 Kf5 38. Ke3 h5 39. g4+ Kg5 40. Nb5 Bd8 41. Nxe5 Bb6+ 42. Ke2 Bd5 43. Nc4 Bd8 44. Nc3 Kf4 45. Nxd5+ exd5 46. Ne3 h4 47. Nxd5+ Kg3 48. f4 Kxh3 49. Kf3 Kh2 50. g5 h3 51. Kf2 Kh1 52. Kg3 1-0

[Event "Kusadasi TUR"]
[Site "?"]
[Date "2006.04.16"]
[Round "2.4"]
[White "Macieja Bartlomiej"]
[Black "Belov Vladimir"]
[Result "0-1"]
[WhiteElo "2584"]
[BlackElo "2599"]
[PlyCount "116"]
[EventDate "2006.??.??"]
[Source "www.chesslib.no"]
[SourceDate "2004.05.04"]

1. e4 c5 2. Nf3 d6 3. d4 cxd4 4. Qxd4 Nc6 5. Bb5 Bd7 6. Bxc6 Bxc6 7. Nc3 h6 8. Qd3 e5 9. Nd2 Nf6 10. Nc4 Be7 11. O-O O-O 12. Ne3 Re8 13. a4 Bf8 14. b3 Qd7 15. Ba3 Red8 16. Rfd1 Rac8 17. Rd2 b6 18. Rad1 Qb7 19. Ncd5 Nxd5 20. Nxd5 a6 21. c4 b5 22. cxb5 axb5 23. a5 b4 24. a6 Qb5 25. Qxb5 Bxb5 26. Bxb4 Bxa6 27. Ba5 Re8 28. Nc7 Re7 29. Nxa6 Ra7 30. Nb4 Rxa5 31. Nd5 Rb5 32. b4 g6 33. f3 f5 34. Kf2 Rc4 35. exf5 gxf5 36. Ra1 Rb7 37. Ra8 Kf7 38. Rda2 Rd4 39. R2a7 Rxa7 40. Rxa7+ Kg6 41. Ra5 Rd2+ 42. Kf1 Kf7 43. Nc7 Ke7 44. Ra7 Kd7 45. Nd5+ Ke6 46. Nc7+ Kd7 47. b5 Rb2 48. b6 Kc6 49. Na8 d5 50. Rc7+ Kd6 51. b7 d4 52. Rf7 Be7 53. Rxf5 Rxb7 54. Rh5 Kd5 55. Rxh6 Rb2 56. Ke1 d3 57. Nc7+ Kd4 58. Ne6+ Ke3 0-1

[Event "Team Ch 2004"]
[Site "Gaia"]
[Date "2004.08.08"]
[Round "7.41"]
[White "Campora, Daniel"]
[Black "Bruzon Bautista, Lazaro"]
[Result "1/2-1/2"]
[WhiteElo "2547"]
[BlackElo "2628"]
[PlyCount "41"]
[EventDate "2004.08.02"]
[Source "Roberto Alvarez"]
[SourceDate "2004.10.05"]

1. e4 c5 2. Nf3 d6 3. d4 cxd4 4. Qxd4 Nc6 5. Bb5 Bd7 6. Bxc6 Bxc6 7. c4 Nf6 8. Nc3 g6 9. O-O Bg7 10. Qd3 O-O 11. Nd4 Qb6 12. Rd1 Ng4 13. Qd2 Be5 14. h3 Nf6 15. Qd3 Nd7 16. Bh6 Rfc8 17. Rab1 Nc5 18. Qe3 Ne6 19. Nde2 Qxe3 20. Bxe3 h5 21. f3 1/2-1/2

[Event "Hamburg"]
[Site "?"]
[Date "1999.??.??"]
[Round "?"]
[White "Rozentalis, E."]
[Black "Yakovich, Y."]
[Result "1/2-1/2"]
[WhiteElo "2585"]
[BlackElo "2590"]
[PlyCount "89"]
[EventDate "1999.??.??"]
[Source "Chess Informant"]
[SourceDate "1999.10.01"]

1. e4 c5 2. Nf3 d6 3. d4 Nf6 4. Bb5+ Bd7 5. Bxd7+ Qxd7 6. e5 dxe5 7. dxe5 Qxd1+ 8. Kxd1 Nd5 9. a3 Nc6 10. c4 Nb6 11. b3 g6 12. Bb2 Bg7 13. Nbd2 a5 14. Bc3 g5 15. h3 h5 16. Kc2 g4 17. hxg4 hxg4 18. Rxh8+ Bxh8 19. Rh1 Bg7 20. e6 Nd4+ 21. Bxd4 cxd4 22. Ng5 f5 23. Rh5 Rc8 24. Kd3 Rc6 25. f3 gxf3 26. Ndxf3 a4 27. Nxd4 Bxd4 28. Kxd4 Kf8 29. Nf3 axb3 30. Rxf5+ Kg7 31. Rb5 Nxc4 32. Rxb3 Nd6 33. Ne5 Ra6 34. Rg3+ Kf6 35. Nd7+ Kf5 36. Re3 Kg5 37. Nc5 Ra5 38. Rb3 Nb5+ 39. Kd5 Nd6 40. a4 Kf6 41. Rb4 b5 42. Rf4+ Kg5 43. Rf7 bxa4 44. Rxe7 Nf5 45. Rb7 1/2-1/2

[Event "Beersheba 16th"]
[Site "Beersheba"]
[Date "1997.??.??"]
[Round "2"]
[White "Rozentalis, Eduardas"]
[Black "Avrukh, Boris"]
[Result "0-1"]
[WhiteElo "2650"]
[BlackElo "2520"]
[PlyCount "90"]
[EventDate "1997.02.24"]
[Source "ChessBase"]

1. e4 c5 2. Nf3 d6 3. d4 cxd4 4. Qxd4 Nc6 5. Bb5 Bd7 6. Bxc6 Bxc6 7. c4 f5 8. Nbd2 e5 9. Qd3 fxe4 10. Nxe4 Nf6 11. Nxf6+ Qxf6 12. Bg5 Qg6 13. Qxg6+ hxg6 14. Ke2 Be7 15. Be3 Rf8 16. a4 a6 17. Rhd1 Rc8 18. b3 Rf5 19. Bb6 Kf7 20. Ne1 Ke6 21. Rac1 Rh8 22. h3 Rh4 23. Rc3 d5 24. cxd5+ Bxd5 25. Rcd3 Bc6 26. Bd8 Rhf4 27. Bb6 Rb4 28. Bc7 Bc5 29. f3 e4 30. Rc3 exf3+ 31. gxf3 Rh4 32. Ng2 Rh8 33. Rdc1 Ba7 34. Bg3 Kf7 35. Bf2 Bxf2 36. Kxf2 Rxh3 37. Ne1 g5 38. Rc5 g6 39. b4 Rh2+ 40. Ke3 Rb2 41. R5c4 Rf4 42. Rxc6 bxc6 43. Nd3 Rb3 44. Rxc6 Rfxb4 45. Rxa6 g4 0-1

[Event "FRA Ch Top 16 GpB"]
[Site "?"]
[Date "2005.02.04"]
[Round "1"]
[White "Dgebuadze Alexandre"]
[Black "Lutz Christopher"]
[Result "0-1"]
[WhiteElo "2547"]
[BlackElo "2614"]
[PlyCount "122"]
[EventDate "2005.??.??"]
[Source "www.chesslib.no"]
[SourceDate "2004.05.04"]

1. e4 c5 2. Nf3 d6 3. d4 cxd4 4. Qxd4 a6 5. c4 Nc6 6. Qd2 g6 7. Nc3 Bg7 8. b3 Nf6 9. Bb2 O-O 10. Be2 Qa5 11. Rb1 Bg4 12. a3 Rab8 13. b4 Qd8 14. Ng5 h6 15. Nf3 Rc8 16. Rc1 Bxf3 17. gxf3 Nd7 18. Nd5 Bxb2 19. Qxb2 e6 20. Ne3 Qf6 21. Qxf6 Nxf6 22. Rd1 Rfd8 23. O-O Nh5 24. Ng2 e5 25. Rfe1 Nd4 26. Rxd4 exd4 27. Rd1 a5 28. Rxd4 axb4 29. axb4 Ra8 30. f4 Ra1+ 31. Bd1 Ng7 32. Ne3 Ne6 33. Rd2 Kf8 34. f5 Ng5 35. Kg2 Nxe4 36. Rd4 Nf6 37. fxg6 fxg6 38. Bf3 Rd7 39. Bg4 Nxg4 40. Nxg4 Kg7 41. c5 Ra8 42. b5 h5 43. c6 bxc6 44. Ne5 c5 45. Rd5 Re7 46. Nc6 Rf7 47. Rxd6 Ra2 48. Ne5 Rfxf2+ 49. Kg3 Rg2+ 50. Kf3 Raf2+ 51. Ke4 Re2+ 52. Kd5 Rd2+ 53. Kxc5 Rxd6 54. Kxd6 Rb2 55. b6 Rb5 56. Kc7 Kf6 57. Nf3 g5 58. b7 g4 59. Ne1 h4 60. Nd3 Rb1 61. Nc5 Kf5 0-1

[Event "FRA-ch"]
[Site "Val d'Isere"]
[Date "2002.08.19"]
[Round "1"]
[White "Skripchenko Lautier, Almira"]
[Black "Lautier, Joel"]
[Result "1/2-1/2"]
[WhiteElo "2497"]
[BlackElo "2663"]
[PlyCount "44"]
[EventDate "2002.08.19"]
[Source "ChessBase"]
[SourceDate "2002.11.12"]

1. e4 c5 2. Nf3 d6 3. d4 cxd4 4. Qxd4 Nc6 5. Bb5 Bd7 6. Bxc6 Bxc6 7. Nc3 Nf6 8. Bg5 e6 9. O-O-O Be7 10. Rhe1 O-O 11. e5 dxe5 12. Qh4 Qc7 13. Nxe5 Rfd8 14. Ng4 Nxg4 15. Bxe7 Qf4+ 16. Kb1 Rxd1+ 17. Rxd1 Qf5 18. f3 Ne3 19. Rd2 h6 20. Qd4 Nd5 21. Nxd5 Qxd5 22. Qxd5 Bxd5 1/2-1/2

[Event "chT"]
[Site "HUN"]
[Date "1990.??.??"]
[Round "?"]
[White "Polgar, Judit"]
[Black "Sax, Gyula"]
[Result "1-0"]
[WhiteElo "2550"]
[BlackElo "2605"]
[PlyCount "115"]
[EventDate "1990.??.??"]
[Source "www.chesslib.no"]
[SourceDate "2004.05.04"]

1. e4 c5 2. Nf3 d6 3. d4 cxd4 4. Qxd4 Nc6 5. Bb5 Bd7 6. Bxc6 Bxc6 7. Nc3 Nf6 8. Bg5 e6 9. O-O-O Be7 10. Rhe1 O-O 11. Qd2 Qc7 12. Nd4 Rfc8 13. Kb1 Rab8 14. f3 b5 15. Nxc6 Qxc6 16. Bxf6 Bxf6 17. Qxd6 Bxc3 18. Qxc6 Rxc6 19. bxc3 Rxc3 20. Rd7 Rbc8 21. Red1 g5 22. Rxa7 Rxc2 23. Rd8+ Rxd8 24. Kxc2 g4 25. Rc7 gxf3 26. gxf3 Rd4 27. Rc5 b4 28. Kb3 Kg7 29. Rc4 Rd2 30. Rxb4 Rxh2 31. a4 Rf2 32. a5 Rxf3+ 33. Ka4 Rd3 34. a6 Rd8 35. Ka5 Kf6 36. Rb5 Kg6 37. a7 Ra8 38. Ka6 h5 39. Kb7 Re8 40. Ka6 Ra8 41. Rb8 Rxa7+ 42. Kxa7 Kg5 43. Rf8 f5 44. exf5 exf5 45. Kb6 Kf4 46. Kc5 Ke4 47. Kc4 h4 48. Re8+ Kf3 49. Kd3 h3 50. Rh8 Kg2 51. Ke2 h2 52. Rg8+ Kh3 53. Kf2 h1=N+ 54. Kf3 Kh2 55. Rg2+ Kh3 56. Rg5 Kh2 57. Rxf5 Ng3 58. Rf8 1-0

[Event "ch-Euro Blitz"]
[Site "Ajaccio FRA"]
[Date "2007.10.25"]
[Round "14"]
[White "Landa, K."]
[Black "Riff, JN."]
[Result "1-0"]
[WhiteElo "2678"]
[BlackElo "2474"]
[PlyCount "119"]
[EventDate "2007.10.25"]
[Source "www.chesslib.no"]
[SourceDate "2004.05.04"]

1. e4 c5 2. Nf3 d6 3. d4 Nf6 4. Nc3 cxd4 5. Qxd4 a6 6. e5 Nc6 7. Qa4 dxe5 8. Nxe5 Bd7 9. Nxd7 Qxd7 10. Be3 e6 11. Rd1 Qc8 12. Bd3 Be7 13. O-O O-O 14. Qh4 Ne5 15. Bxh7+ Nxh7 16. Qxe7 Nc4 17. Bc1 Nf6 18. Qb4 b5 19. a4 bxa4 20. Qxa4 Nb6 21. Qh4 Qc6 22. Rd3 Qc4 23. Rd4 Qc6 24. Rfd1 Nbd5 25. Nxd5 Nxd5 26. c3 Rab8 27. Qg3 f5 28. Qe5 Rbe8 29. Bg5 f4 30. c4 Ne7 31. Bxe7 Rxe7 32. Rxf4 Rxf4 33. Qxf4 Re8 34. Re1 Qb6 35. Qd2 a5 36. h4 Qc5 37. Qc3 Rf8 38. Re2 Rf4 39. Qe5 Qxe5 40. Rxe5 Rxc4 41. g3 Rb4 42. Rxe6 Rxb2 43. Ra6 Ra2 44. Kg2 a4 45. g4 Kh7 46. h5 Ra1 47. Kf3 a3 48. Kf4 a2 49. f3 Kg8 50. Ra8+ Kh7 51. g5 g6 52. h6 Rb1 53. Ra7+ Kg8 54. Rxa2 Rb7 55. Ra6 Kh7 56. Rd6 Rf7+ 57. Ke4 Rb7 58. Ke5 Rf7 59. f4 Re7+ 60. Kf6 1-0

[Event "Quebec Open"]
[Site "Montreal CAN"]
[Date "2007.07.27"]
[Round "8"]
[White "Rozentalis, E."]
[Black "Huzman, A."]
[Result "1/2-1/2"]
[WhiteElo "2551"]
[BlackElo "2601"]
[PlyCount "49"]
[EventDate "2007.07.20"]
[Source "www.chesslib.no"]
[SourceDate "2004.05.04"]

1. e4 c5 2. Nf3 d6 3. d4 cxd4 4. Qxd4 Nc6 5. Bb5 Bd7 6. Bxc6 Bxc6 7. Nc3 Nf6 8. Bg5 e6 9. O-O-O Be7 10. Rhe1 O-O 11. Kb1 h6 12. Bh4 Re8 13. h3 a6 14. Qe3 Rc8 15. Bg3 Qc7 16. Nd4 b5 17. f3 b4 18. Nce2 Bd7 19. Qd2 Qb7 20. Bf2 Rc7 21. g4 Rec8 22. Rg1 Nh7 23. h4 Bf8 24. Rc1 a5 25. Be3 1/2-1/2

[Event "Harplinge 73/247"]
[Site "?"]
[Date "1998.??.??"]
[Round "?"]
[White "Sutovskij, Emil"]
[Black "Hodgson, Julian M"]
[Result "1-0"]
[WhiteElo "2575"]
[BlackElo "2575"]
[PlyCount "79"]
[EventDate "1998.??.??"]
[Source "ChessBase"]
[SourceDate "1998.06.01"]

1. e4 c5 2. Nf3 Nc6 3. Bb5 d6 4. d4 cxd4 5. Qxd4 Bd7 6. Bxc6 Bxc6 7. Nc3 Nf6 8. Bg5 e6 9. O-O-O Be7 10. Rhe1 O-O 11. Qd2 h6 12. Bf4 e5 13. Bg3 b5 14. Bh4 g5 15. Bxg5 hxg5 16. Nxe5 Be8 17. Qxg5+ Kh8 18. Nf3 Nh7 19. Qf4 Rc8 20. e5 Rxc3 21. bxc3 d5 22. Kb1 Rg8 23. e6 f6 24. Nd4 Qa5 25. Nf5 Bc5 26. Rd3 b4 27. Rh3 Bg6 28. Qh4 Qd8 29. e7 Qb6 30. e8=Q bxc3+ 31. Kc1 Qb2+ 32. Kd1 Qb1+ 33. Ke2 Rxe8+ 34. Kf3 Re3+ 35. Rxe3 Qd1+ 36. Kg3 Kg8 37. Qf4 Bxe3 38. Qb8+ Kf7 39. Qc7+ Ke6 40. Ng7# 1-0

[Event "It (Open) Gibraltar ENG"]
[Site "?"]
[Date "2006.01.29"]
[Round "6"]
[White "Areshchenko Alexander"]
[Black "Bakre Tejas"]
[Result "1/2-1/2"]
[WhiteElo "2670"]
[BlackElo "2480"]
[PlyCount "97"]
[EventDate "2006.??.??"]
[Source "www.chesslib.no"]
[SourceDate "2004.05.04"]

1. e4 c5 2. Nf3 d6 3. d4 cxd4 4. Qxd4 Nc6 5. Bb5 Bd7 6. Bxc6 Bxc6 7. c4 Nf6 8. Nc3 e6 9. O-O Be7 10. Qd3 O-O 11. Nd4 Rc8 12. b3 Nd7 13. Bb2 Bf6 14. Rfd1 Qa5 15. Rac1 Rfd8 16. Qg3 a6 17. h3 Nc5 18. Nxc6 Rxc6 19. Rb1 Nd7 20. a4 Rb6 21. Ne2 Bxb2 22. Rxb2 Nc5 23. e5 d5 24. Nf4 Ne4 25. Qe3 h6 26. Rd4 Rb4 27. cxd5 Rxd4 28. Qxd4 exd5 29. Rc2 Ng5 30. Kh2 Qe1 31. Re2 Qc1 32. Nxd5 Ne6 33. Qe4 Qc5 34. Rd2 Kf8 35. b4 Ng5 36. Qd3 Qc6 37. b5 Qc5 38. b6 Ne6 39. g3 g6 40. h4 h5 41. Qe4 a5 42. Qf3 Qc6 43. Qd1 Qc5 44. Kg1 Kg7 45. Qf3 Kf8 46. Rd3 Qc4 47. Kg2 Nd4 48. Nf6 Nxf3 49. Rxd8+ 1/2-1/2

[Event "4th SICC Masters"]
[Site "Singapore SIN"]
[Date "2007.12.19"]
[Round "5"]
[White "Zhang Zhong"]
[Black "Paragua, M."]
[Result "1-0"]
[WhiteElo "2634"]
[BlackElo "2514"]
[PlyCount "139"]
[EventDate "2007.12.17"]
[Source "www.chesslib.no"]
[SourceDate "2004.05.04"]

1. e4 c5 2. Nf3 d6 3. d4 cxd4 4. Qxd4 a6 5. c4 Nc6 6. Qe3 g6 7. h3 Bg7 8. Be2 Qa5+ 9. Nc3 b5 10. O-O b4 11. Nd5 e6 12. Qb6 Qxb6 13. Nxb6 Rb8 14. c5 dxc5 15. Nc4 Nge7 16. Bf4 Ra8 17. Bd6 Nd4 18. Bd1 Nxf3+ 19. gxf3 Bd7 20. Bxc5 Bb5 21. Rc1 Nc6 22. Nd6+ Kd7 23. Nxb5 axb5 24. Be2 Rhb8 25. Rfd1+ Ke8 26. Bd6 Nd4 27. Bf1 Rb7 28. f4 b3 29. axb3 Nxb3 30. Rc2 Nd4 31. Rc5 Rd8 32. e5 Rxd6 33. exd6 Kd7 34. b4 Kxd6 35. Rxb5 Rxb5 36. Bxb5 Kd5 37. Be8 f5 38. Kg2 Bf8 39. b5 Bc5 40. Re1 Kd6 41. Ra1 Kd5 42. Kf1 Nb3 43. Rd1+ Nd4 44. Ra1 Kd6 45. Ra8 Ke7 46. Rc8 Kd6 47. Bc6 Bb6 48. Rh8 Nxc6 49. bxc6 Kxc6 50. Rxh7 Bc7 51. Rg7 Bxf4 52. Rxg6 Kd6 53. Rg7 e5 54. Rg6+ Ke7 55. f3 Kf7 56. Ra6 Bg5 57. Kg2 e4 58. fxe4 fxe4 59. Ra4 e3 60. Rg4 Bh6 61. Kf3 Kf6 62. Rg2 Kf5 63. Rg4 Kf6 64. h4 Kf5 65. Re4 Kg6 66. Kg4 Kf6 67. Re8 Kf7 68. Re5 Kf6 69. Re4 Kf7 70. Kf5 1-0